2026 Mens March Madness Teams - Statistics

General Stats
  • This quiz has been taken 51 times
  • The average score is 47 of 68
Answer Stats
Region Seed Conference Team Is In College Team % Correct
East 1 ACC Duke
100%
Midwest 1 Big10 Michigan
95%
East 3 Big10 Michigan State
95%
East 10 Big12 UCF
95%
East 11 American USF
95%
South 1 SEC Florida
93%
East 9 Big12 TCU
90%
West 11 SEC Texas
90%
West 1 Big12 Arizona
88%
West 2 Big10 Purdue
85%
East 5 BigEast St. John's
85%
East 2 BigEast UConn
85%
West 4 SEC Arkansas
83%
South 11 A-10 VCU
83%
West 6 Big12 BYU
80%
East 4 Big12 Kansas
80%
East 14 Summit League North Dakota State
80%
Midwest 4 SEC Alabama
78%
West 3 WCC Gonzaga
78%
South 2 Big12 Houston
78%
South 3 Big10 Illinois
78%
South 9 Big10 Iowa
78%
Midwest 2 Big12 Iowa State
78%
South 7 WCC St Mary's
78%
Midwest 6 SEC Tennessee
78%
West 5 Big10 Wisconsin
78%
Midwest 8 SEC Georgia
75%
West 11 ACC NC State
75%
South 6 ACC North Carolina
75%
East 8 Big10 Ohio State
75%
East 7 Big10 UCLA
75%
Midwest 16 AmericaEast UMBC
75%
Midwest 11 ACC SMU
73%
Midwest 9 A-10 St Louis
73%
South 10 SEC Texas A&M
73%
Midwest 5 Big12 Texas Tech
73%
Midwest 3 ACC Virginia
73%
South 8 ACC Clemson
70%
Midwest 7 SEC Kentucky
70%
East 6 ACC Louisville
70%
South 4 Big10 Nebraska
70%
West 10 SEC Missouri
68%
South 14 Ivy Penn
68%
South 5 SEC Vanderbilt
68%
Midwest 11 MAC Miami Ohio
65%
West 9 MWC Utah State
65%
West 8 BigEast Villanova
65%
West 12 BigSouth High Point
63%
West 7 ACC Miami Florida
60%
Midwest 10 WCC Santa Clara
60%
East 16 MAAC Siena
60%
Midwest 12 MAC Akron
55%
East 13 WAC Cal Baptist
55%
Midwest 16 MEAC Howard
55%
West 16 NEC LIU
55%
Midwest 13 CAA Hofstra
50%
South 12 Southland McNeese
50%
West 13 BigWest Hawaii
45%
South 15 BigSky Idaho
45%
East 12 MVC Northern Iowa
45%
South 16 Patriot Lehigh
43%
Midwest 15 OVC Tennessee State
43%
South 13 SBC Troy
43%
East 15 SoCon Furman
40%
West 14 CUSA Kennesaw State
40%
South 16 SWAC Prairie View A&M
40%
West 15 ASUN Queens
35%
Midwest 14 Horizon Wright State
35%
No matching quizzes found
Score Distribution
Percent of People with Each Score
Percentile by Number Answered
Your Score History
You have not taken this quiz